| 000 | 00424nam a22001697a 4500 | ||
|---|---|---|---|
| 008 | 210422b ||||| |||| 00| 0 eng d | ||
| 082 |
_a294.5924 _bJOS |
||
| 100 | _aJoshi Rashik Bihari | ||
| 245 |
_aShrimadbhagwadgiita _b: Part-I |
||
| 260 |
_aVaranasi _bChaukhamba _c2010 |
||
| 300 | _a450p. | ||
| 440 | _vVol-I | ||
| 650 |
_aYOGA _bShrimad Bhagwad Gita |
||
| 700 | _aAgarwal Madanmohan | ||
| 942 | _cBK | ||
| 999 |
_c41455 _d41455 |
||
| 041 | _ahin | ||